Bạn làm gì với đời mình chuyên đề đặc biệt dành cho tuổi trẻ
Bewaard in:
| Hoofdauteur: | |
|---|---|
| Formaat: | Boek |
| Taal: | Vietnamese |
| Gepubliceerd in: |
TP. Hồ Chí Minh
Nxb. Tổng hợp TP. Hồ Chí Minh
2007
|
| Editie: | Tái bản lần thứ 1 |
| Onderwerpen: | |
| Tags: |
Voeg label toe
Geen labels, Wees de eerste die dit record labelt!
|
| Thư viện lưu trữ: | Trung tâm Học liệu Lê Vũ Hùng, Trường Đại học Đồng Tháp |
|---|
| LEADER | 00892aam a22002538a 4500 | ||
|---|---|---|---|
| 001 | 00028491 | ||
| 008 | 120328s2007 ||||||viesd | ||
| 005 | 20171026081025.0 | ||
| 020 | |c 30000 | ||
| 041 | 0 | # | |a vie |
| 082 | 1 | 4 | |a 155.6 |b B105L |
| 100 | 1 | # | |a Krishnamurti, J. |
| 245 | 1 | 0 | |a Bạn làm gì với đời mình |c J, Krishnamurti; Lê Tuyên biên dihcj |b chuyên đề đặc biệt dành cho tuổi trẻ |
| 250 | # | # | |a Tái bản lần thứ 1 |
| 260 | # | # | |a TP. Hồ Chí Minh |b Nxb. Tổng hợp TP. Hồ Chí Minh |c 2007 |
| 300 | # | # | |a 237tr. |c 21cm. |
| 650 | # | 4 | |a Tâm lý học |
| 653 | # | # | |a Công tác xã hội |
| 653 | # | # | |a Giáo dục |
| 653 | # | # | |a Nhân cách |
| 852 | # | # | |b Kho đọc |j KD.0012773 |
| 852 | # | # | |j KD.0012773 |
| 910 | |d 28/03/2012 | ||
| 980 | # | # | |a Trung tâm Học liệu Lê Vũ Hùng, Trường Đại học Đồng Tháp |